000 00710nam a2200253Ia 4500
008 170203s9999 xx 000 0 und d
020 _a717281647
050 _a30
050 _b.M379d 1982
100 _aMartina, Guido
245 _aWonderful world of knowledge :
245 _bArt through ages /
245 _cGuido Martina; Walt Disney Productions.
260 _aUnites States :
260 _bGroiler Enterprises, Inc.
260 _c1986
300 _a126 pages :
300 _bcol. ill. ;
300 _c26 cm.
440 _vvol. 19
500 _aTranslation of Enciclopedia Disney.
650 _aChildren's encyclopedias and dictionaries.
650 _xEncyclopedias and dictionaries.
999 _c305544
_d305544